Les personnages du film Captain Marvel - #21 - Statistiques

Statistiques générales
  • Ce quiz a été pris 8 fois
  • Le résultat moyen est 7 sur 15
Statistiques - réponses
Réponse % Correct
Carol Danvers / Captain Marvel
100%
Nick Fury
75%
Bruce Banner / Hulk
50%
Monica Rambeau
50%
Natasha Romanoff / Black Widow
50%
Phil Coulson
50%
Talos
50%
Maria Rambeau
38%
Steve Rogers / Captain America
38%
Yon Rogg
38%
Goose
25%
James Rhodes / War Machine
25%
Mar-Vell
25%
Ronan l'Accusateur
25%
Korath
13%
Aucun quiz correspondant
Distribution des résultats
% des personnes avec chaque résultat
Percentile par nombre de réponses
Votre historique - résultats
Vous n’avez pas pris ce quiz